| 000 | 00397nam a2200157 i 4500 | ||
|---|---|---|---|
| 001 | 44891 | ||
| 003 | ES-MaACL | ||
| 005 | 20230906161120.0 | ||
| 007 | t| | ||
| 008 | 030324s1960 sp ||||1| spa d | ||
| 245 | 0 | 0 | _aCódigo penal de 23 de diciembre de 1944. |
| 250 | _a4ª ed. | ||
| 260 |
_aMadrid : _bGóngora, _c[1960] |
||
| 300 |
_a799 p. ; _c14 cm. |
||
| 852 |
_aES-MaACL _jA-5447 _bR.49753 |
||
| 999 |
_c44891 _d44891 |
||